DF penúltima región : bitácora 2005-2011 /
Exposición fotográfica de Gerardo Suter presentada en el marco del Festival Fotoseptiembre 2011, en el Antiguo Colegio de San Ildefonso. La exhibición es un fotodocumental de los paisajes urbanos del DF, desde el terremoto de 1985 hasta principios del siglo XXI.
Bewaard in:
| Hoofdauteur: | |
|---|---|
| Coauteur: | |
| Andere auteurs: | , , , , |
| Formaat: | Boek |
| Taal: | Spaans |
| Gepubliceerd in: |
México :
Antiguo Colegio de San Ildefonso,
2011
|
| Onderwerpen: | |
| Tags: |
Geen labels, Wees de eerste die dit record labelt!
|
MARC
| LEADER | 00000nam^a2200000^a^4500 | ||
|---|---|---|---|
| 001 | 000388499 | ||
| 005 | 20250521000000.0 | ||
| 009 | 20260526143050.667 | ||
| 020 | |a 978-607-455-894-4 | ||
| 037 | |a Acervo ITESO - Biblioteca | ||
| 041 | |a GRA | ||
| 041 | |a ESP | ||
| 082 | |a 770. 972 |b SUT CAM | ||
| 100 | |a Suter, Gerardo |e (fotógrafo) | ||
| 240 | 1 | 1 | |a [DF penúltima región] |
| 245 | 1 | 0 | |a DF penúltima región : |b bitácora 2005-2011 / |c G. Suter ; curador de la exposición E. Camara ; textos de A. Acosta... [et al.] ; Antiguo Colegio de San Ildefonso. |
| 264 | 4 | |a México : |b CONACULTA, |c 2012, c2012 | |
| 264 | 1 | |a México : |b Antiguo Colegio de San Ildefonso, |c 2011 | |
| 300 | |a 143 p. + |e 1 DVD sin dato de región (12 min.) | ||
| 336 | |a texto |b txt |2 rdacontenido | ||
| 337 | |a sin mediación |b n |2 rdamedio | ||
| 338 | |a volumen |b nc |2 rdasoporte | ||
| 520 | |a Exposición fotográfica de Gerardo Suter presentada en el marco del Festival Fotoseptiembre 2011, en el Antiguo Colegio de San Ildefonso. La exhibición es un fotodocumental de los paisajes urbanos del DF, desde el terremoto de 1985 hasta principios del siglo XXI. | ||
| 546 | |a Edición gráfica con texto bilingüe español-inglés | ||
| 561 | |a Ex libris de González Huezo | ||
| 649 | |a XX | ||
| 650 | |a Fotógrafos Mexicanos - |x Exposiciones - |x Catálogos | ||
| 650 | |a Artistas Mexicanos - |x Exposiciones - |x Catálogos | ||
| 650 | |a Museos y Galerías - |z México (Ciudad) - |x Exposiciones - |x Catálogos | ||
| 650 | |a Museos y Galerías - |z México - |x Exposiciones - |x Catálogos | ||
| 650 | |a Fotografía Aérea - |z México (Ciudad) - |x Exposiciones - |x Catálogos | ||
| 650 | |a Fotografía Aérea - |z México - |x Exposiciones - |x Catálogos | ||
| 650 | |a Fotografía Mexicana - |x Exposiciones - |x Catálogos | ||
| 650 | |a Fotografía Mexicana - |x Historia y Crítica | ||
| 650 | |a Fotografía Mexicana - |y Siglo XX | ||
| 650 | |a Fotografía Mexicana - |y Siglo XXI | ||
| 650 | |a Arte (Tendencias Recientes) - |z México - |x Exposiciones - |x Catálogos | ||
| 650 | |a Arte (Tendencias Recientes) - |z México - |x Historia y Crítica | ||
| 650 | |a Arte Mexicano - |x Exposiciones - |x Catálogos | ||
| 650 | |a Arte Mexicano - |x Historia y Crítica | ||
| 650 | |a Arte Mexicano - |y Siglo XX | ||
| 650 | |a Arte Mexicano - |y Siglo XXI | ||
| 650 | |a México (Ciudad) - |x Fotografías - |x Tema Principal | ||
| 650 | |a México - |x Fotografías | ||
| 650 | |a Suter, Gerardo - |x Tema Principal | ||
| 650 | |a Antiguo Colegio de San Ildefonso | ||
| 700 | |a Camara, Ery |e (curaduría) | ||
| 700 | |a Acosta, Anasella |e (texto) | ||
| 700 | |a Suter, Jan |e (realización) | ||
| 700 | |a Lara, Ana |e (música) | ||
| 700 | |a Camara, Ery |e (entrevista) | ||
| 710 | |a Antiguo Colegio de San Ildefonso | ||
| 740 | 0 | |a Gerardo Suter : |b DF penúltima región / |c Realización de J. Suter. | |
| 910 | |a Fondo General | ||
| 920 | |a Impresos - Libros | ||
| 930 | |a Colección General | ||
| 905 | |a 101 | ||
| 901 | |a 0500282973 |b IT1 |c ACC |i D78448 |u 20250521 | ||
| 901 | |a DVD0009219 |b IT2 |c DVS |u 20250521 | ||
| 902 | |a https://opac.biblio.iteso.mx/vufind/Record/000388499 | ||